[Event "Moscow Open A 2015"]
[Site "Moscow RUS"]
[Date "2015.02.06"]
[Round "7.3"]
[White "Volkov, Sergey"]
[Black "Petrosian, Tigran L."]
[Result "0-1"]
[WhiteTitle "GM"]
[BlackTitle "GM"]
[WhiteElo "2618"]
[BlackElo "2663"]
[WhiteFideId "4122763"]
[BlackFideId "13301616"]
[EventDate "2015.01.31"]

1. d4 d6 2. Nf3 g6 3. c4 f5 4. b4 Bg7 5. Bb2 Nh6 6. e3 Nf7 7. c5 a5 8. a3 O-O 9.
Qb3 e6 10. Be2 Qe7 11. O-O g5 12. Nc3 d5 13. h3 Nd7 14. Nb5 g4 15. hxg4 fxg4 16.
Nd2 c6 17. Nd6 Nxd6 18. cxd6 Qxd6 19. Bxg4 e5 20. e4 exd4 21. exd5 Kh8 22. Nf3
Ne5 23. Nxe5 Bxe5 24. Bxc8 Raxc8 25. Rad1 Rf4 26. Rfe1 Rcf8 27. Re2 axb4 28.
axb4 Bg7 29. dxc6 bxc6 30. Qc4 Qf6 31. Rdd2 Rg4 32. Qe6 Qf3 33. g3 h5 34. Rc2 h4
35. Qxc6 Qf5 36. Qc5 Qg6 37. Qc6 Qf5 38. Qc5 Rxg3+ 39. fxg3 Qf1+ 40. Kh2 hxg3+
41. Kxg3 Rf3+ 42. Kg4 Qh3+ 43. Kg5 Bf6+ 0-1

[Event "Moscow Open A 2015"]
[Site "Moscow RUS"]
[Date "2015.02.06"]
[Round "7.4"]
[White "Artemiev, Vladislav"]
[Black "Pridorozhni, Aleksei"]
[Result "1/2-1/2"]
[WhiteTitle "GM"]
[BlackTitle "GM"]
[WhiteElo "2659"]
[BlackElo "2545"]
[WhiteFideId "24101605"]
[BlackFideId "4127870"]
[EventDate "2015.01.31"]

1. c4 c6 2. d4 d5 3. Nf3 Nf6 4. Nc3 e6 5. Bg5 h6 6. Bxf6 Qxf6 7. e3 g6 8. Bd3
Bg7 9. O-O O-O 10. Re1 dxc4 11. Bxc4 Nd7 12. e4 e5 13. d5 Nb6 14. Bb3 Bg4 15.
Re3 Rad8 16. Qe2 Qe7 17. h3 Bc8 18. Rd3 Nd7 19. Qe3 Qc5 20. Qd2 Nf6 21. Nxe5
Rde8 22. Nf3 Nxe4 23. Nxe4 Rxe4 24. dxc6 bxc6 25. Rc1 Qb5 26. Rd6 Re2 27. Qd1
Be6 28. Rxe6 Rxe6 29. Bxe6 fxe6 30. b3 e5 31. Qd6 Qe2 32. Qd2 Qe4 33. Qc2 Qf5
34. Qc4+ Kh7 35. Re1 Rf6 36. Qe4 Rd6 37. Kh2 Rd5 38. Re2 a5 39. g3 Rc5 40. Qe3
Rd5 41. Kg2 a4 42. bxa4 Rd3 43. Qe4 Qxe4 44. Rxe4 Ra3 45. Nd2 Rxa2 46. Nb3 Bf8
47. Rc4 Kg7 48. Nc1 Ra3 49. Rxc6 Rxa4 50. Nd3 Ra5 51. Re6 Kf7 52. Rxe5 Rxe5 53.
Nxe5+ Kg7 54. g4 Bd6 55. Nd3 Kf6 56. Ne1 h5 57. gxh5 gxh5 58. Kf3 Kg5 59. Ng2
Bc5 60. Kg3 Kf5 61. f3 Bd6+ 62. Kh4 Kg6 63. f4 Kf5 64. Kg3 Ke4 65. Kh4 Bxf4 66.
Kxh5 Kf3 1/2-1/2

[Event "Moscow Open A 2015"]
[Site "Moscow RUS"]
[Date "2015.02.06"]
[Round "7.5"]
[White "Vallejo Pons, Francisco"]
[Black "Khairullin, Ildar"]
[Result "1/2-1/2"]
[WhiteTitle "GM"]
[BlackTitle "GM"]
[WhiteElo "2706"]
[BlackElo "2629"]
[WhiteFideId "2205530"]
[BlackFideId "4151348"]
[EventDate "2015.01.31"]

1. e4 e5 2. Nf3 Nc6 3. Bb5 Nf6 4. O-O Nxe4 5. Re1 Nd6 6. Nxe5 Be7 7. Bf1 Nf5 8.
Bd3 Nxe5 9. Bxf5 Ng6 10. d4 d5 11. Bd3 O-O 12. Qh5 Bf6 13. c3 Re8 14. Rxe8+ Qxe8
15. Bd2 c6 16. Na3 Nf8 17. f4 Qd8 18. Nc2 Qd6 19. f5 Bd7 20. Rf1 Re8 21. Bf4 Qe7
22. Ne3 g6 23. Qh3 h5 24. Re1 Bg5 25. Qf3 Bxf4 26. Qxf4 gxf5 27. Bxf5 Ng6 28.
Bxg6 fxg6 29. Nc2 Qd8 30. Rxe8+ Qxe8 31. Ne3 Be6 32. Kf2 Qd8 33. b4 b6 34. Qe5
Kf7 35. Ke2 Qc8 36. Kf3 Qd8 37. Ke2 Qc8 38. Kf3 Qd8 39. Qf4+ Kg7 40. h4 Bc8 41.
Qe5+ Kf7 42. Qf4+ Kg7 43. Qe5+ Kf7 44. Kg3 Ba6 45. Qf4+ Kg7 46. Qe5+ Kf7 47. a4
Bd3 48. Qf4+ Kg7 49. Qe5+ Kf7 50. b5 cxb5 51. axb5 Bxb5 52. Nxd5 Bc6 53. Nf4 Qe8
54. Qd6 1/2-1/2

[Event "Moscow Open A 2015"]
[Site "Moscow RUS"]
[Date "2015.02.06"]
[Round "7.6"]
[White "Bukavshin, Ivan"]
[Black "Lysyj, Igor"]
[Result "1/2-1/2"]
[WhiteTitle "GM"]
[BlackTitle "GM"]
[WhiteElo "2622"]
[BlackElo "2700"]
[WhiteFideId "4199758"]
[BlackFideId "4150120"]
[EventDate "2015.01.31"]

1. e4 e6 2. d4 d5 3. Nc3 Nf6 4. Bg5 dxe4 5. Nxe4 Nbd7 6. Nf3 h6 7. Nxf6+ Nxf6 8.
Bh4 c5 9. Bc4 cxd4 10. O-O Be7 11. Qe2 O-O 12. Rad1 Qb6 13. Nxd4 Qxb2 14. Nf5
exf5 15. Qxe7 Be6 16. Rb1 Qxc2 17. Bxe6 Rae8 18. Bxf5 Qxf5 19. Qxb7 Ne4 20. Be7
Rxe7 21. Qxe7 Nd2 22. Rbe1 Nxf1 23. Kxf1 Qd5 24. Qxa7 Ra8 25. Qe7 Rxa2 26. Qe8+
Kh7 27. Qe4+ Qxe4 28. Rxe4 Ra1+ 29. Ke2 Ra2+ 30. Kf1 Ra1+ 31. Ke2 Ra2+ 32. Kf1
Ra1+ 1/2-1/2

[Event "Moscow Open A 2015"]
[Site "Moscow RUS"]
[Date "2015.02.06"]
[Round "7.7"]
[White "Korobov, Anton"]
[Black "Fier, Alexandr"]
[Result "1/2-1/2"]
[WhiteTitle "GM"]
[BlackTitle "GM"]
[WhiteElo "2687"]
[BlackElo "2604"]
[WhiteFideId "14105730"]
[BlackFideId "2107139"]
[EventDate "2015.01.31"]

1. d4 Nf6 2. c4 g6 3. Nc3 d5 4. cxd5 Nxd5 5. e4 Nxc3 6. bxc3 Bg7 7. Qa4+ Nd7 8.
Bg5 O-O 9. Nf3 c5 10. Rd1 cxd4 11. cxd4 h6 12. Be3 Nb6 13. Qb3 Bd7 14. Qa3 Na4
15. Bd3 Rc8 16. O-O b5 17. Rc1 Rb8 18. Qb3 Bg4 19. d5 Bxf3 20. gxf3 a6 21. Rc6
Qd7 22. Kg2 Rfc8 23. Rfc1 Rxc6 24. Rxc6 Ra8 25. Qc2 g5 26. h4 gxh4 27. Bc1 h3+
28. Kh1 e6 29. dxe6 fxe6 30. f4 Nc3 31. Rc5 Rd8 32. Be2 Nxe2 33. Qxe2 Qd1+ 34.
Qxd1 Rxd1+ 35. Kh2 Rd4 36. Rc8+ Kh7 37. Ra8 Rxe4 38. Rxa6 Bd4 39. Kxh3 Re1 40.
Be3 Bxe3 41. fxe3 Rxe3+ 42. Kg4 Kg6 43. f5+ Kf6 44. fxe6 Rxe6 45. Ra5 Rb6 46. a4
b4 47. Rf5+ Ke7 48. a5 Rg6+ 49. Kf3 b3 50. Rb5 Ra6 1/2-1/2

[Event "Moscow Open A 2015"]
[Site "Moscow RUS"]
[Date "2015.02.06"]
[Round "7.8"]
[White "Gabrielian, Artur"]
[Black "Alekseev, Evgeny"]
[Result "1/2-1/2"]
[WhiteTitle "GM"]
[BlackTitle "GM"]
[WhiteElo "2554"]
[BlackElo "2679"]
[WhiteFideId "4131002"]
[BlackFideId "4138147"]
[EventDate "2015.01.31"]

1. e4 c6 2. d4 d5 3. Nc3 dxe4 4. Nxe4 Bf5 5. Ng3 Bg6 6. h4 h6 7. Nf3 Nd7 8. h5
Bh7 9. Bd3 Bxd3 10. Qxd3 e6 11. Bd2 Ngf6 12. O-O-O Be7 13. Ne4 Nxe4 14. Qxe4 Nf6
15. Qe2 Qd5 16. c4 Qe4 17. Qxe4 Nxe4 18. Be3 Nd6 19. b3 Rc8 20. Kc2 b5 21. c5
Ne4 22. Ne5 Nf6 23. a4 b4 24. Bd2 Nd5 25. g4 Bf6 26. Rde1 Bxe5 27. dxe5 a5 28.
f4 Ne7 29. Rhf1 g6 30. Rh1 Kd7 31. hxg6 fxg6 32. Rh3 Rh7 33. Reh1 Rch8 34. Kd3
h5 35. Ke4 Ke8 36. Be3 Kf7 37. Bf2 Kg8 38. Rd3 Nd5 39. g5 Rf7 40. Be3 Kg7 41.
Bd2 Rd8 42. Kf3 Kf8 43. Re1 Ke7 44. Kg3 Kd7 45. Re4 Kc7 46. Red4 Kc8 47. Kf3
Rfd7 48. Be3 h4 49. Bf2 h3 50. Kg3 h2 51. Kxh2 Nxf4 52. Rxd7 Nxd3 53. Rxd8+ Kxd8
54. Bd4 Nc1 55. Kg2 Nxb3 56. Be3 Na1 57. Kf3 Nc2 58. Ke4 Ne1 59. Bc1 Kc8 60. Bb2
Ng2 61. Bc1 Nh4 62. Bb2 Nf5 63. Kf4 Ne7 64. Ke4 Nd5 65. Ba1 Kb7 66. Bb2 Nc3+ 1/2-1/2

[Event "Moscow Open A 2015"]
[Site "Moscow RUS"]
[Date "2015.02.06"]
[Round "7.9"]
[White "Sjugirov, Sanan"]
[Black "Iljushin, Alexei"]
[Result "1/2-1/2"]
[WhiteTitle "GM"]
[BlackTitle "GM"]
[WhiteElo "2678"]
[BlackElo "2515"]
[WhiteFideId "4189302"]
[BlackFideId "4122178"]
[EventDate "2015.01.31"]

1. Nf3 d5 2. d4 Nf6 3. c4 c6 4. Nc3 a6 5. e3 g6 6. h3 Bg7 7. Bd3 c5 8. dxc5 dxc4
9. Bxc4 Qxd1+ 10. Kxd1 Nbd7 11. c6 bxc6 12. Ke2 Nb6 13. Bd3 Nfd5 14. Nxd5 cxd5
15. e4 Bb7 16. e5 Nd7 17. Bf4 f6 18. exf6 Bxf6 19. Bg5 O-O 20. Bxf6 Rxf6 21.
Rac1 e5 22. Rc7 e4 23. Rxd7 exf3+ 24. gxf3 Re8+ 25. Kd2 Rb8 26. b3 Rxf3 27. Rh2
a5 28. h4 a4 29. Rd6 axb3 30. axb3 Bc8 31. h5 Bf5 32. Bxf5 Rxf5 33. hxg6 h5 34.
Kc3 Kg7 35. Rh3 Rb7 36. Kd4 Rb5 37. Rg3 Rxf2 38. Rd7+ Kg8 39. Rd8+ Kg7 40. Rd7+
Kg8 41. g7 Rf4+ 42. Ke5 Rg4 43. Rxg4 hxg4 44. Kf4 Rxb3 1/2-1/2

[Event "Moscow Open A 2015"]
[Site "Moscow RUS"]
[Date "2015.02.06"]
[Round "7.10"]
[White "Khismatullin, Denis"]
[Black "Kharchenko, Boris"]
[Result "1/2-1/2"]
[WhiteTitle "GM"]
[BlackTitle "GM"]
[WhiteElo "2673"]
[BlackElo "2483"]
[WhiteFideId "4142578"]
[BlackFideId "14113210"]
[EventDate "2015.01.31"]

1. d4 d5 2. c4 c6 3. Nc3 e5 4. Nf3 e4 5. Nd2 f5 6. cxd5 cxd5 7. Nb3 Nc6 8. Bf4
Nf6 9. e3 a6 10. Be2 Bd6 11. Bg5 Be6 12. Nc5 Bxc5 13. dxc5 O-O 14. O-O d4 15.
exd4 Nxd4 16. Rc1 Rc8 17. b4 Qd7 18. Bf4 Nxe2+ 19. Qxe2 Qf7 20. Rfe1 Bc4 21. Qb2
Bd3 22. h3 Rfe8 23. Bd6 Nd5 24. Nxd5 Qxd5 25. Re3 Qf7 26. Rg3 Re6 27. a4 h6 28.
h4 Kh7 29. b5 axb5 30. axb5 Qf6 31. Qxf6 Rxf6 32. Be5 Rf7 33. b6 Re7 34. Bf4 Bb5
35. Kh2 Ra8 36. Rd1 Re6 37. Rd5 g6 38. Rb3 Bc6 39. Rd2 Rg8 40. Rd4 g5 41. hxg5
hxg5 42. Rh3+ Rh6 43. Rxh6+ 1/2-1/2

[Event "Moscow Open A 2015"]
[Site "Moscow RUS"]
[Date "2015.02.06"]
[Round "7.11"]
[White "Fedoseev, Vladimir3"]
[Black "Zakhartsov, Vladimir"]
[Result "1/2-1/2"]
[WhiteTitle "GM"]
[BlackTitle "IM"]
[WhiteElo "2668"]
[BlackElo "2421"]
[WhiteFideId "24130737"]
[BlackFideId "4145097"]
[EventDate "2015.01.31"]

1. e4 c5 2. Nf3 d6 3. c3 Nf6 4. h3 g6 5. Bd3 Bg7 6. Bc2 Nc6 7. d4 O-O 8. d5 Ne5
9. Nxe5 dxe5 10. O-O Ne8 11. c4 Nd6 12. b3 f5 13. Nd2 e6 14. Ba3 Qa5 15. Bb2
exd5 16. cxd5 Bd7 17. f4 Rfe8 18. exf5 Bxf5 19. Bxf5 gxf5 20. fxe5 Bxe5 21. Bxe5
Rxe5 22. Nc4 Nxc4 23. bxc4 Qc3 24. Rc1 Qg3 25. Rf3 Qh4 26. Qd3 Rae8 27. Rcf1
Qd4+ 28. Qxd4 cxd4 29. Rg3+ Kf7 30. Rf4 b5 31. Rxd4 bxc4 32. Rc3 Rd8 33. Rcxc4
Rexd5 34. Rc7+ Kg6 35. Rxd5 Rxd5 36. Rxa7 Rd2 37. a4 Ra2 38. a5 Kg5 39. a6 Kf4
40. Kf1 Kg5 41. Ra8 Kg6 42. a7 Kg7 43. g3 h6 44. Ke1 Ra3 45. Kd2 Ra5 46. Kc3 Ra4
47. Kb3 Ra1 48. Kc4 Ra5 49. Kb4 Ra1 50. Kc5 Rc1+ 51. Kd6 Rd1+ 52. Ke6 Re1+ 53.
Kxf5 Rf1+ 54. Ke4 Re1+ 55. Kf3 Rf1+ 56. Kg2 Ra1 57. h4 Ra2+ 58. Kf3 Ra3+ 59. Kf4
Ra1 60. h5 Rf1+ 61. Ke3 Re1+ 62. Kd4 Ra1 63. g4 Ra5 64. Ke4 Ra4+ 65. Kd5 Ra1 66.
Re8 Rxa7 67. Ke6 Ra6+ 68. Kf5 Ra7 69. Re6 Ra5+ 70. Re5 Ra7 71. Rd5 Rf7+ 72. Ke5
Re7+ 73. Kf4 Rf7+ 74. Rf5 Ra7 75. Rc5 Rf7+ 76. Ke4 Re7+ 77. Re5 Ra7 78. Re6 Rf7
79. Rg6+ Kh7 80. Ke5 Rf1 81. Rd6 Re1+ 82. Kf4 Rf1+ 83. Kg3 Rf7 84. Rb6 Kg7 85.
Rb5 Ra7 86. Rb4 Rf7 87. Rd4 Ra7 88. Kf4 Re7 89. Kf5 Rf7+ 90. Ke5 Re7+ 91. Kd6
Re1 92. Kc7 Re2 93. Kd8 Re1 94. Rd7+ Kf8 95. Rd6 Kg7 96. Ra6 Re4 97. Rg6+ Kh7
98. Kd7 Ra4 99. Ke6 Ra6+ 100. Kf7 Ra7+ 101. Kf6 Ra6+ 102. Kf7 Ra7+ 103. Kf8 Ra8+
104. Ke7 Ra7+ 105. Kd8 Ra8+ 106. Kd7 Ra7+ 107. Kc8 Ra8+ 108. Kb7 Ra4 109. Kb6
Rb4+ 110. Kc5 Ra4 111. Kd5 Ra5+ 112. Ke4 Ra4+ 113. Kf5 Ra5+ 114. Kf4 Ra4+ 115.
Kg3 Ra3+ 116. Kh4 Ra7 117. Rf6 Rb7 118. Kg3 Ra7 119. Rd6 Ra3+ 120. Kf4 Ra7 121.
Kf5 1/2-1/2

[Event "Moscow Open A 2015"]
[Site "Moscow RUS"]
[Date "2015.02.06"]
[Round "7.12"]
[White "Xiu, Deshun"]
[Black "Kokarev, Dmitry"]
[Result "1/2-1/2"]
[WhiteTitle "GM"]
[BlackTitle "GM"]
[WhiteElo "2543"]
[BlackElo "2645"]
[WhiteFideId "8603693"]
[BlackFideId "4132181"]
[EventDate "2015.01.31"]

1. d4 Nf6 2. c4 g6 3. Nc3 Bg7 4. e4 d6 5. Nf3 O-O 6. h3 e5 7. d5 Nh5 8. g3 a5 9.
Nh2 Na6 10. Be2 Nf6 11. Ng4 Nd7 12. Nh6+ Kh8 13. h4 Ndc5 14. g4 f5 15. h5 fxe4
16. hxg6 Qf6 17. Nf5 Bxf5 18. gxf5 Qxf5 19. Rxh7+ Kg8 20. Be3 Qxg6 21. Rh5 Rf5
22. Kd2 Rxh5 23. Bxh5 Qg2 24. Qg1 Qxg1 25. Rxg1 Kf8 26. Bg6 Ke7 27. Bxe4 Bf6 28.
Bb1 Rh8 29. Ne2 Rb8 30. Ng3 e4 31. b3 b5 32. cxb5 Rxb5 33. Nxe4 Nxe4+ 34. Bxe4
a4 35. Rh1 axb3 36. axb3 Nc5 37. Rh7+ Kd8 38. Bxc5 dxc5 39. Rf7 Bd4 40. Kc2 c4
41. bxc4 Rb2+ 42. Kd3 Rxf2 43. Bf5 Bc5 44. Rd7+ Kc8 45. Be6 Kb7 46. Rh7 Rf3+ 47.
Kc2 Rf2+ 48. Kd3 Rf3+ 49. Ke2 Rf2+ 50. Kd3 1/2-1/2

[Event "Moscow Open A 2015"]
[Site "Moscow RUS"]
[Date "2015.02.06"]
[Round "7.13"]
[White "Eliseev, Urii"]
[Black "Ponkratov, Pavel"]
[Result "0-1"]
[WhiteTitle "GM"]
[BlackTitle "GM"]
[WhiteElo "2518"]
[BlackElo "2620"]
[WhiteFideId "24131920"]
[BlackFideId "4157800"]
[EventDate "2015.01.31"]

1. e4 e6 2. d4 d5 3. Nc3 Nf6 4. e5 Nfd7 5. f4 c5 6. Nf3 Nc6 7. Be3 a6 8. Qd2 b5
9. dxc5 Bxc5 10. Bd3 Qb6 11. Bf2 b4 12. Na4 Bxf2+ 13. Qxf2 Qxf2+ 14. Kxf2 Rb8
15. Rac1 Ke7 16. c4 bxc3 17. Rxc3 Rb4 18. Rxc6 Rxa4 19. a3 Rxf4 20. Rc7 Kd8 21.
Rhc1 Rc4 22. Bxc4 Kxc7 23. Bxa6+ Kb8 24. Bb5 f6 25. Bxd7 Bxd7 26. Ke3 Kb7 27.
Kd4 Ra8 28. Rc3 Kb6 29. Nd2 Be8 30. Rb3+ Kc6 31. Re3 Kd7 32. Rf3 Bh5 33. Rg3 Bg6
34. Rf3 Rc8 35. Rc3 Rf8 36. Rf3 Bh5 37. Rf4 Rc8 38. Rf2 Rc1 39. a4 fxe5+ 40.
Kxe5 Re1+ 41. Kf4 e5+ 42. Kg5 Be8 43. a5 Kd6 44. b4 h6+ 45. Kf5 e4 46. Rf1 Bd7+
47. Kf4 g5+ 48. Kg3 Re3+ 49. Kf2 Ra3 50. Re1 Bb5 51. Nxe4+ dxe4 52. Rxe4 Ra2+
53. Kg1 Bc6 54. Rg4 Ke5 55. h3 Kf5 56. Rg3 Be4 57. Kh1 h5 58. Kg1 Kf4 59. Kh2
Bb7 60. h4 g4 0-1

[Event "Moscow Open A 2015"]
[Site "Moscow RUS"]
[Date "2015.02.06"]
[Round "7.14"]
[White "Konovalov, Nikolay"]
[Black "Goganov, Aleksey"]
[Result "0-1"]
[WhiteTitle "IM"]
[BlackTitle "GM"]
[WhiteElo "2442"]
[BlackElo "2615"]
[WhiteFideId "4170962"]
[BlackFideId "24109959"]
[EventDate "2015.01.31"]

1. d4 Nf6 2. Nf3 c5 3. d5 b5 4. Bg5 Qb6 5. Bxf6 Qxf6 6. c3 d6 7. e4 a6 8. a4 b4
9. Qc2 Nd7 10. Nbd2 bxc3 11. bxc3 g5 12. Nc4 g4 13. Nfd2 Bg7 14. Ra3 Rb8 15. Be2
Ne5 16. Nxe5 Qxe5 17. Nc4 Qg5 18. O-O f5 19. Rb1 Rxb1+ 20. Qxb1 fxe4 21. Qxe4
O-O 22. Qe3 Qf6 23. Bd3 Bf5 24. Bxf5 Qxf5 25. Qe2 Qb1+ 26. Qf1 Rb8 27. Ne3 h5
28. c4 Qxf1+ 29. Kxf1 Rb1+ 30. Ke2 Rb2+ 31. Ke1 Bd4 32. h3 gxh3 33. gxh3 Kf7 34.
Nf5 Rb4 35. Nxd4 cxd4 36. Rf3+ Kg6 37. Rg3+ Kf5 38. Kd2 Rxc4 39. Rg7 Kf6 40. Rh7
Rxa4 41. Rxh5 Ra2+ 42. Kd3 Rxf2 43. Rh7 Rf4 44. h4 a5 45. h5 Rh4 46. Kc4 a4 47.
Rh8 d3+ 48. Kxd3 Ke5 49. Rh7 Kxd5 50. Rxe7 Rxh5 51. Ra7 Rh3+ 52. Kc2 a3 53. Ra4
Ke5 54. Ra8 d5 55. Ra7 Ke4 56. Ra8 Rh2+ 57. Kb1 Rh1+ 58. Ka2 Rh3 59. Kb1 Rc3 60.
Rh8 d4 61. Rh4+ Ke5 0-1

[Event "Moscow Open A 2015"]
[Site "Moscow RUS"]
[Date "2015.02.06"]
[Round "7.15"]
[White "Savchenko, Boris"]
[Black "Sanal, Vahap"]
[Result "0-1"]
[WhiteTitle "GM"]
[BlackTitle "IM"]
[WhiteElo "2599"]
[BlackElo "2460"]
[WhiteFideId "4147332"]
[BlackFideId "6300545"]
[EventDate "2015.01.31"]

1. e4 e5 2. Nf3 Nc6 3. Bb5 a6 4. Ba4 Nf6 5. O-O Be7 6. Re1 b5 7. Bb3 O-O 8. c3
d6 9. h3 Nb8 10. a4 Bb7 11. Bc2 c5 12. Qe2 Qb6 13. axb5 axb5 14. Rxa8 Bxa8 15.
Na3 b4 16. Nc4 Qb7 17. d4 cxd4 18. cxd4 exd4 19. Qd3 Nbd7 20. Qxd4 Qc6 21. b3
Nc5 22. Bb2 Re8 23. Nh4 Ne6 24. Qa7 d5 25. exd5 Nxd5 26. Nf3 Bc5 27. Qa1 f6 28.
Be4 Nef4 29. Bd4 Bf8 30. Nb6 Rxe4 31. Rxe4 Nxh3+ 32. gxh3 Nxb6 33. Nd2 f5 34.
Bxb6 fxe4 35. Be3 Qg6+ 36. Kf1 Bd5 37. Qe5 Be6 38. Nxe4 Bxh3+ 39. Ke1 Qe6 40.
Qh5 Bg4 0-1

[Event "Moscow Open A 2015"]
[Site "Moscow RUS"]
[Date "2015.02.06"]
[Round "7.16"]
[White "Kukhmazov, Arsen"]
[Black "Shimanov, Aleksandr"]
[Result "0-1"]
[WhiteTitle "FM"]
[BlackTitle "GM"]
[WhiteElo "2434"]
[BlackElo "2591"]
[WhiteFideId "24108260"]
[BlackFideId "4198603"]
[EventDate "2015.01.31"]

1. d4 Nf6 2. c4 e6 3. Nf3 b6 4. a3 Ba6 5. Qc2 Bb7 6. Nc3 c5 7. e4 cxd4 8. Nxd4
Bc5 9. Nb3 Nc6 10. Bg5 h6 11. Bh4 Nd4 12. Nxd4 Bxd4 13. Rd1 Be5 14. Bg3 Qb8 15.
Be2 O-O 16. O-O Rc8 17. Bxe5 Qxe5 18. f4 Qc5+ 19. Kh1 d6 20. Qd3 Rd8 21. b4 Qc7
22. Nb5 Qe7 23. Bf3 Ne8 24. Nd4 Rac8 25. e5 d5 26. cxd5 Bxd5 27. Bxd5 Rxd5 28.
Qf3 Qd7 29. Nf5 Rc3 30. Qxc3 Rxd1 31. Ng3 Nc7 32. Qc4 Qd3 33. Qxd3 Rxd3 34. Rf3
Rxf3 35. gxf3 Nb5 36. a4 Nc3 37. Ne4 Nxa4 38. Nd6 a6 39. b5 a5 40. Nc4 Nc3 41.
Nxb6 a4 0-1

[Event "Moscow Open A 2015"]
[Site "Moscow RUS"]
[Date "2015.02.06"]
[Round "7.17"]
[White "Alikulov, Elbek"]
[Black "Kazhgaleyev, Murtas"]
[Result "0-1"]
[WhiteTitle "FM"]
[BlackTitle "GM"]
[WhiteElo "2418"]
[BlackElo "2573"]
[WhiteFideId "14203308"]
[BlackFideId "13700316"]
[EventDate "2015.01.31"]

1. e4 d6 2. d4 Nf6 3. Nc3 e5 4. Nf3 Nbd7 5. Bc4 Be7 6. O-O O-O 7. a4 c6 8. Ba2
b6 9. Re1 a6 10. Qd3 Rb8 11. Nh4 exd4 12. Qxd4 Nc5 13. Nf5 Bxf5 14. exf5 d5 15.
Bf4 Bd6 16. Rad1 Bxf4 17. Qxf4 b5 18. axb5 axb5 19. b4 Nb7 20. Ne2 Re8 21. Nd4
Qd7 22. f3 Ra8 23. Bb3 h6 24. g4 Rxe1+ 25. Rxe1 Re8 26. Rxe8+ Qxe8 27. Kf2 c5
28. bxc5 Nxc5 29. h4 Nxb3 30. cxb3 Nd7 31. Qe3 Qb8 32. Kg2 Kh7 33. g5 Qb6 34. f4
Nc5 35. Nf3 Qc6 36. Nd4 Qd7 37. h5 Ne4 38. g6+ Kg8 39. Qc1 Nf6 40. Qa3 Qe8 41.
gxf7+ Kxf7 42. Ne6 Nxh5 43. Qd6 Nf6 44. Kf3 Qc8 45. Nd8+ Kg8 46. Nc6 Kh7 47. Qe6
Qa8 48. Nd4 Qa1 49. Qe3 Qf1+ 50. Qf2 Qd1+ 51. Kg2 Qd3 52. Kh1 Qe4+ 53. Kg1 Qd3
54. Kh1 Ng4 55. Qe2 Qh3+ 56. Kg1 Qg3+ 57. Qg2 Qe1+ 0-1

[Event "Moscow Open A 2015"]
[Site "Moscow RUS"]
[Date "2015.02.06"]
[Round "7.18"]
[White "Timofeev, Artyom"]
[Black "Makhmutov, Rail"]
[Result "0-1"]
[WhiteTitle "GM"]
[BlackTitle "FM"]
[WhiteElo "2568"]
[BlackElo "2428"]
[WhiteFideId "4140419"]
[BlackFideId "4122151"]
[EventDate "2015.01.31"]

1. e4 e6 2. d4 d5 3. Nd2 dxe4 4. Nxe4 Bd7 5. Nf3 Bc6 6. Bd3 Nd7 7. O-O Ngf6 8.
Ng3 g6 9. Re1 Bg7 10. Be3 O-O 11. c3 Re8 12. Bc4 Bd5 13. Be2 b6 14. Ne5 Bb7 15.
Bb5 a6 16. Bc6 Qc8 17. Qf3 Nxe5 18. dxe5 Bxc6 19. Qxc6 Nd5 20. Bd2 b5 21. c4
bxc4 22. Qxc4 a5 23. Rac1 Qa6 24. Qh4 Reb8 25. b3 a4 26. Ne4 axb3 27. axb3 Qd3
28. Rcd1 Qxb3 29. Nf6+ Nxf6 30. exf6 Ra4 31. Bf4 e5 32. fxg7 Rxf4 33. Qe7 Qb2
34. Qxe5 Rxf2 35. Qg3 Rd2 36. Rc1 Rc2 37. Rcd1 Ra8 38. Kh1 Ra2 39. Rb1 Qc3 40.
Qxc3 Rxc3 41. Re7 Rf2 42. h3 Kxg7 43. Kh2 Rcc2 44. Rg1 c5 45. Rc7 Rc3 46. Rd1
Rcc2 47. Rg1 Kh6 48. h4 Kg7 49. Kh3 h5 50. Rc6 Rf4 51. Rc7 Kh6 52. Rc6 Rg4 53.
Rf6 Rc3+ 54. g3 Kg7 55. Rf2 c4 56. Kh2 Rd3 57. Rgg2 c3 58. Rc2 Re3 59. Ra2 Rd3
60. Ra7 Rf3 61. Rc7 Kf6 62. Rc8 Ke5 63. Rd8 f5 64. Re2+ Re4 65. Rc2 Ree3 66. Rg2
Rd3 67. Re2+ Rfe3 68. Re8+ Kd4 69. Rd8+ Ke4 70. Re8+ Kf3 71. R2xe3+ Rxe3 72. Rc8
Ke2 73. Kg2 Rd3 74. Rc6 Kd2 75. Kf2 c2 76. Kg2 c1=Q 0-1

[Event "Moscow Open A 2015"]
[Site "Moscow RUS"]
[Date "2015.02.06"]
[Round "7.19"]
[White "Naumkin, Igor"]
[Black "Grigoriants, Sergey"]
[Result "0-1"]
[WhiteTitle "GM"]
[BlackTitle "GM"]
[WhiteElo "2408"]
[BlackElo "2567"]
[WhiteFideId "4101715"]
[BlackFideId "4130804"]
[EventDate "2015.01.31"]

1. d4 Nf6 2. c4 e6 3. Nf3 Bb4+ 4. Nbd2 O-O 5. g3 d5 6. Qc2 c5 7. Bg2 cxd4 8.
Nxd4 e5 9. Nb3 a5 10. a3 Be7 11. Nb1 d4 12. Bg5 Ng4 13. Bxe7 Qxe7 14. h3 Nf6 15.
O-O Nbd7 16. N1d2 a4 17. Nc1 Nc5 18. b4 axb3 19. Ncxb3 Na4 20. e3 dxe3 21. fxe3
Be6 22. g4 Rac8 23. Na5 Nc5 24. Rab1 Rc7 25. Qc3 Rd8 26. Nab3 Nxb3 27. Rxb3 h5
28. g5 Nd7 29. h4 Nc5 30. Rb5 Rd3 31. Qc1 Rxe3 32. Nf3 Re4 33. Ra5 Rc8 34. Qc3
b6 35. Rb5 Bxc4 36. Rxb6 Na4 37. Qc2 Nxb6 38. Qxe4 Bxf1 39. Bxf1 Qc5+ 40. Kh2
Qc1 41. Kg1 g6 42. Qxe5 Nc4 0-1

[Event "Moscow Open A 2015"]
[Site "Moscow RUS"]
[Date "2015.02.06"]
[Round "7.20"]
[White "Usmanov, Vasily"]
[Black "Rozum, Ivan"]
[Result "1/2-1/2"]
[WhiteTitle "IM"]
[BlackTitle "GM"]
[WhiteElo "2414"]
[BlackElo "2554"]
[WhiteFideId "4135741"]
[BlackFideId "24104272"]
[EventDate "2015.01.31"]

1. Nf3 c5 2. c4 Nc6 3. Nc3 g6 4. e3 Nf6 5. d4 cxd4 6. exd4 d5 7. cxd5 Nxd5 8.
Bc4 Nxc3 9. Qb3 Nd5 10. Bxd5 e6 11. Bxc6+ bxc6 12. O-O Qd5 13. Bf4 f6 14. h3 Be7
15. Rfc1 Bd7 16. Rc3 Kf7 17. Rac1 Rhc8 18. Qb7 Ke8 19. a4 a5 20. Rc5 Qe4 21. Bc7
Bxc5 22. Rxc5 Qe2 23. Bd6 Rd8 24. Bc7 Qd1+ 25. Kh2 Qxa4 26. Bxd8 Rxd8 27. Qc7
Qb4 28. Qf4 Qb8 29. Re5 Ke7 30. Qh4 h5 31. Kg1 Qxb2 32. Rxa5 Qb1+ 33. Kh2 Qb4
34. Rc5 Be8 35. Qe4 Rd5 36. Rc1 Qd6+ 37. Kg1 c5 38. dxc5 Rxc5 39. Qb7+ Bd7 40.
Re1 Rd5 41. Qb1 Kf7 42. Nh4 Rd3 43. Qc1 g5 44. Nf3 Bc6 45. Nh2 Qd5 46. f3 Rd2
47. Kh1 g4 48. hxg4 hxg4 49. Nxg4 Rxg2 50. Qf4 Rxg4 1/2-1/2

[Event "Moscow Open A 2015"]
[Site "Moscow RUS"]
[Date "2015.02.06"]
[Round "7.21"]
[White "Ibragimov, Ildar"]
[Black "Kuderinov, Kirill"]
[Result "1/2-1/2"]
[WhiteTitle "GM"]
[BlackTitle "IM"]
[WhiteElo "2548"]
[BlackElo "2452"]
[WhiteFideId "4102878"]
[BlackFideId "13701568"]
[EventDate "2015.01.31"]

1. d4 Nf6 2. c4 g6 3. Nc3 Bg7 4. e4 d6 5. h3 O-O 6. Nf3 e5 7. d5 Nh5 8. Nh2 Qe8
9. Be2 Nf4 10. Bf3 f5 11. g3 Nxh3 12. Bg2 fxe4 13. Nxe4 Na6 14. Ng4 h5 15. Bxh3
hxg4 16. Bxg4 Bf5 17. Qe2 Nc5 18. Nxc5 dxc5 19. Be3 b6 20. O-O-O Rd8 21. Bg5 Rd7
22. f3 Qf7 23. Qh2 Bf6 24. Bh6 Bg7 25. Bd2 Qf6 26. Bxf5 Qxf5 27. f4 g5 28. Rde1
exf4 29. gxf4 g4 30. Qe2 Rd6 31. Rhg1 Rg6 32. Rg3 Bd4 33. Rh1 Bf6 34. Qe6+ Qxe6
35. dxe6 Bd4 36. Rh4 Rxe6 37. Rgxg4+ Kf7 38. Rh7+ Kf6 39. Rxc7 Rh8 40. Rgg7 Kf5
41. Rgf7+ Ke4 42. Kc2 a6 43. f5 Re5 44. f6 Kf5 45. Rfd7 Kxf6 46. Rc6+ Re6 47.
Bg5+ Kf5 48. Rf7+ Kg6 49. Rxe6+ Kxf7 50. Rxb6 Rh2+ 51. Kd3 Rxb2 52. Rxa6 Rg2 53.
Bf4 Ke7 54. Ke4 Rg4 55. a4 Rh4 56. Rc6 Kd7 57. Rc7+ Ke6 58. Rc6+ Kd7 59. Rd6+
Kc8 60. Rh6 Rxh6 61. Bxh6 Kb7 62. Be3 Bc3 63. Kd3 Bb4 64. Bd2 Bxd2 65. Kxd2 Kb6 1/2-1/2